Top 50 Baby Girl Names Beginning with A - Statistics

General Stats
  • This quiz has been taken 483 times
  • The average score is 27 of 50
Answer Stats
Hint Answer % Correct
44 Ana
96%
11 Anna
96%
12 Alice
90%
1 Ava
85%
3 Abigail
80%
39 Amy
79%
18 Arya
79%
14 Allison
78%
5 Aria
78%
2 Amelia
77%
29 Ashley
77%
42 Alexa
75%
27 Andrea
71%
23 Alexandra
68%
40 Annabelle
68%
13 Ariana
65%
21 Arianna
65%
4 Avery
64%
7 Addison
63%
9 Audrey
63%
10 Aaliyah
59%
33 Ada
58%
34 Aliyah
58%
46 Angela
58%
36 Alyssa
56%
30 Aubree
55%
8 Aubrey
55%
24 Adalyn
52%
19 Adalynn
52%
43 Adelyn
52%
6 Aurora
50%
38 Alana
47%
32 Alina
47%
37 Ariel
46%
17 Athena
43%
48 Adelaide
41%
15 Autumn
39%
31 Anastasia
36%
28 Ariella
30%
16 Adeline
29%
26 Amara
29%
25 Amaya
29%
22 Ayla
28%
50 Amira
25%
35 Alaina
21%
45 Alayna
21%
41 Aspen
21%
20 Alaia
14%
49 Alayah
14%
47 Alivia
11%
No matching quizzes found
Score Distribution
Percent of People with Each Score
Percentile by Number Answered
Your Score History
You have not taken this quiz